[Event "Romania blitz online op final"]
[Site "Chess.com INT"]
[Date "2020.05.06"]
[Round "2"]
[White "Patrascu, Catalin Lucian"]
[Black "Done, Stefan Daniel"]
[Result "1-0"]
[WhiteElo "2320"]
[BlackElo "1913"]
[PlyCount "39"]
[EventDate "2020.05.06"]
[EventType "swiss (blitz)"]
[EventRounds "9"]
[EventCountry "ROU"]
[SourceTitle "CBM 196 Extra"]
[Source "ChessBase"]
[SourceDate "2020.07.31"]
[SourceVersion "1"]
[SourceVersionDate "2020.07.31"]
[SourceQuality "1"]

1. c4 e5 2. Nc3 Nf6 3. Nf3 Nc6 4. e3 a6 5. Qc2 Bc5 6. a3 d6 7. b4 Ba7 8. Bb2 0-0 9. Be2 Re8 10. d3 h6 11. Rg1 Bf5 12. Ne4 Nxe4 13. dxe4 Bg6 14. g4 a5 15. b5 Ne7 16. h4 c6 17. h5 Bh7 18. g5 Kh8 19. gxh6 gxh6 20. Nxe5 1-0

[Event "Romania blitz online op final"]
[Site "Chess.com INT"]
[Date "2020.05.06"]
[Round "6"]
[White "Pavel, Sebastian Ionut"]
[Black "Done, Stefan Daniel"]
[Result "1-0"]
[WhiteElo "2183"]
[BlackElo "1913"]
[PlyCount "59"]
[EventDate "2020.05.06"]
[EventType "swiss (blitz)"]
[EventRounds "9"]
[EventCountry "ROU"]
[SourceTitle "CBM 196 Extra"]
[Source "ChessBase"]
[SourceDate "2020.07.31"]
[SourceVersion "1"]
[SourceVersionDate "2020.07.31"]
[SourceQuality "1"]

1. e4 e5 2. Nf3 Nf6 3. Nxe5 d6 4. Nxf7 Kxf7 5. d4 Be7 6. Bc4+ d5 7. Bb3 c6 8. e5 Ne8 9. 0-0 Rf8 10. f4 Kg8 11. f5 Bxf5 12. c4 Nc7 13. Nc3 Be6 14. Rxf8+ Bxf8 15. cxd5 cxd5 16. Bc2 Qh4 17. g3 Qg4 18. Qd3 g6 19. Be3 Nc6 20. Rf1 Bg7 21. a3 Rf8 22. Bd1 Qh3 23. Rxf8+ Bxf8 24. b4 a6 25. Ne2 Bh6 26. Nf4 Bxf4 27. Bxf4 Qf5 28. Qe3 Qe4 29. Bf3 Qxd4 30. Kg2 1-0

[Event "ROM-chT div-A"]
[Site "Mamaia"]
[Date "2019.09.27"]
[Round "7.2"]
[White "Done, Stefan Daniel"]
[Black "Rauca, Horatiu Augustin"]
[Result "1/2-1/2"]
[WhiteElo "1989"]
[BlackElo "1896"]
[PlyCount "40"]
[EventDate "2019.09.21"]
[EventType "team-tourn"]
[EventRounds "9"]
[EventCountry "ROU"]
[SourceTitle "EXT 2020"]
[Source "ChessBase"]
[SourceDate "2019.10.17"]
[SourceVersion "1"]
[SourceVersionDate "2019.10.17"]
[SourceQuality "1"]
[WhiteTeam "Buzau Gloria"]
[BlackTeam "Bistrita"]
[WhiteTeamCountry "ROU"]
[BlackTeamCountry "ROU"]

1. e4 c5 2. Nf3 Nc6 3. d4 cxd4 4. Nxd4 Nf6 5. Nc3 e5 6. Ndb5 d6 7. Nd5 Nxd5 8. exd5 Nb8 9. c4 Be7 10. Be2 a6 11. Nc3 0-0 12. 0-0 Bf5 13. Be3 Nd7 14. a3 Bg6 15. b4 f5 16. f4 Rc8 17. Rc1 b6 18. Qd2 Kh8 19. Kh1 Be8 20. Na4 exf4 1/2-1/2

[Event "ROM-chT div-A"]
[Site "Mamaia"]
[Date "2019.09.22"]
[Round "2.2"]
[White "Ceres, Dragos"]
[Black "Done, Stefan Daniel"]
[Result "1-0"]
[WhiteElo "2302"]
[BlackElo "1989"]
[PlyCount "120"]
[EventDate "2019.09.21"]
[EventType "team-tourn"]
[EventRounds "9"]
[EventCountry "ROU"]
[SourceTitle "EXT 2020"]
[Source "ChessBase"]
[SourceDate "2019.10.17"]
[SourceVersion "1"]
[SourceVersionDate "2019.10.17"]
[SourceQuality "1"]
[WhiteTeam "Urziceni Viitorul"]
[BlackTeam "Buzau Gloria"]
[WhiteTeamCountry "ROU"]
[BlackTeamCountry "ROU"]

1. e4 e5 2. Nf3 Nc6 3. Bc4 Nf6 4. d3 h6 5. c3 Be7 6. 0-0 0-0 7. Re1 d6 8. a4 Be6 9. Nbd2 Nh7 10. b4 a6 11. Qb3 Qc8 12. Nf1 Bxc4 13. Qxc4 Qe6 14. Ne3 Qxc4 15. Nxc4 f5 16. exf5 Rxf5 17. Ne3 Rf7 18. Nd5 Bd8 19. Bb2 Ne7 20. Nxe7+ Bxe7 21. c4 Ng5 22. Nxg5 Bxg5 23. Bc3 Rff8 24. f3 Kf7 25. Re4 h5 26. Rae1 Rfe8 27. g3 Bf6 28. Kg2 c6 29. Bb2 Rad8 30. R4e2 Rb8 31. a5 Rbd8 32. Kh3 Re7 33. Kg2 Rde8 34. Rc1 Rc8 35. h4 g6 36. Rf2 Bg7 37. Re1 Rce8 38. Rfe2 Bf6 39. Re4 Re6 40. Kh3 Bd8 41. Rf1 Kg8 42. g4 d5 43. Re2 e4 44. dxe4 dxe4 45. Rfe1 hxg4+ 46. fxg4 c5 47. bxc5 Bxa5 48. Rd1 Rd8 49. Rd5 Rf8 50. h5 Rf3+ 51. Kg2 Bc7 52. h6 Rg3+ 53. Kf2 Rf3+ 54. Ke1 Rf7 55. g5 b6 56. c6 e3 57. Bd4 b5 58. cxb5 axb5 59. Rxe3 Rfe7 60. Rxe6 Rxe6+ 1-0

[Event "ROM-chT2"]
[Site "Mamaia"]
[Date "2015.10.08"]
[Round "6.5"]
[White "Tunaru, Alexandru A"]
[Black "Done, Stefan Daniel"]
[Result "1/2-1/2"]
[WhiteElo "2228"]
[BlackElo "2112"]
[PlyCount "72"]
[EventDate "2015.10.03"]
[EventType "team-tourn"]
[EventRounds "9"]
[EventCountry "ROU"]
[SourceTitle "CBM 169 Extra"]
[Source "ChessBase"]
[SourceDate "2015.12.18"]
[SourceVersion "1"]
[SourceVersionDate "2015.12.18"]
[SourceQuality "1"]
[WhiteTeam "Resita Muncitorul"]
[BlackTeam "Buzau Pheonix"]
[WhiteTeamCountry "ROU"]
[BlackTeamCountry "ROU"]

1. Nf3 Nf6 2. g3 d5 3. d3 c5 4. Bg2 Nc6 5. Nbd2 e5 6. e4 Be7 7. 0-0 0-0 8. Qe2 d4 9. Nc4 Qc7 10. a4 h6 11. Nh4 Re8 12. f4 exf4 13. Bxf4 Qd8 14. Bd2 Nh7 15. Nf5 Bf8 16. Rf2 Ne5 17. Nxe5 Rxe5 18. Raf1 Bxf5 19. Rxf5 Rxf5 20. Rxf5 Qe7 21. Qf2 g6 22. Rf3 Ng5 23. Rf4 Bg7 24. h4 Ne6 25. Rf3 h5 26. Bh3 Be5 27. b3 Kg7 28. Kg2 b6 29. Qe2 f6 30. Bc1 Rh8 31. Qf2 Nd8 32. Bc8 a5 33. Bh3 Nf7 34. Qf1 Nh6 35. Bxh6+ Rxh6 36. Rf2 Rh8 1/2-1/2

[Event "Vienna op 14th"]
[Site "Vienna"]
[Date "2003.08.20"]
[Round "5"]
[White "Gerold, Arnold"]
[Black "Done, Stefan Daniel"]
[Result "1/2-1/2"]
[WhiteElo "2046"]
[BlackElo "2117"]
[PlyCount "39"]
[EventDate "2003.08.16"]
[EventType "swiss"]
[EventRounds "9"]
[EventCountry "AUT"]
[SourceTitle "CBM 095 Extra"]
[Source "ChessBase"]
[SourceDate "2003.09.04"]
[SourceVersion "1"]
[SourceVersionDate "2003.09.04"]
[SourceQuality "1"]

1. e4 e5 2. f4 d5 3. exd5 e4 4. d3 Nf6 5. Qe2 Bg4 6. Nf3 Qxd5 7. Nbd2 Nc6 8. dxe4 Qc5 9. Nb3 Qb4+ 10. c3 Qxe4 11. Qxe4+ Nxe4 12. Bb5 Bxf3 13. gxf3 Nd6 14. Bxc6+ bxc6 15. 0-0 Nf5 16. Re1+ Kd7 17. Bd2 Bd6 18. Re4 Rhe8 19. Rae1 c5 20. Be3 1/2-1/2

[Event "Vienna op 14th"]
[Site "Vienna"]
[Date "2003.08.19"]
[Round "4"]
[White "Done, Stefan Daniel"]
[Black "Weissenbeck, Manuel"]
[Result "0-1"]
[WhiteElo "2117"]
[BlackElo "2240"]
[PlyCount "136"]
[EventDate "2003.08.16"]
[EventType "swiss"]
[EventRounds "9"]
[EventCountry "AUT"]
[SourceTitle "CBM 095 Extra"]
[Source "ChessBase"]
[SourceDate "2003.09.04"]
[SourceVersion "1"]
[SourceVersionDate "2003.09.04"]
[SourceQuality "1"]

1. e4 c5 2. Nf3 Nc6 3. d4 cxd4 4. Nxd4 Nf6 5. Nc3 e5 6. Ndb5 d6 7. Nd5 Nxd5 8. exd5 Nb8 9. c4 Be7 10. Be2 0-0 11. 0-0 Nd7 12. Be3 b6 13. f4 a6 14. Nc3 f5 15. Rc1 Bf6 16. b4 Bb7 17. Na4 Rc8 18. Kh1 Re8 19. fxe5 Rxe5 20. Bf4 g6 21. Bf3 Bg5 22. Bxg5 Qxg5 23. c5 bxc5 24. bxc5 dxc5 25. Qb3 Rce8 26. h3 Ba8 27. d6+ Kf8 28. Bxa8 Rxa8 29. Nb6 Rd8 30. Nxd7+ Rxd7 31. Qb8+ Qd8 32. Qb2 Qf6 33. Rxc5 Re6 34. Qb8+ Kg7 35. Rd1 Rexd6 36. Rxd6 Qxd6 37. Qb2+ Qd4 38. Qxd4+ Rxd4 39. Ra5 Rd6 40. Kg1 Kf6 41. Kf2 Ke6 42. Ke3 h6 43. g3 Kf6 44. h4 Rc6 45. Kf3 g5 46. hxg5+ hxg5 47. Ke3 Kg6 48. Kf3 Kh5 49. Ra4 Rc3+ 50. Kf2 Rc2+ 51. Kf1 a5 52. Rxa5 Kg4 53. Ra3 Rb2 54. Ke1 Kh3 55. Ra5 g4 56. Rxf5 Rxa2 57. Rf8 Kxg3 58. Kf1 Ra1+ 59. Ke2 Ra3 60. Rg8 Rf3 61. Rg7 Rf5 62. Ke3 Re5+ 63. Kd2 Kf3 64. Rf7+ Kg2 65. Rh7 g3 66. Kd1 Kf2 67. Rf7+ Kg1 68. Rg7 g2 0-1

[Event "Vienna op 14th"]
[Site "Vienna"]
[Date "2003.08.16"]
[Round "1"]
[White "Balinov, Ilia"]
[Black "Done, Stefan Daniel"]
[Result "1-0"]
[WhiteElo "2417"]
[BlackElo "2117"]
[PlyCount "154"]
[EventDate "2003.08.16"]
[EventType "swiss"]
[EventRounds "9"]
[EventCountry "AUT"]
[SourceTitle "CBM 095 Extra"]
[Source "ChessBase"]
[SourceDate "2003.09.04"]
[SourceVersion "1"]
[SourceVersionDate "2003.09.04"]
[SourceQuality "1"]

1. e4 e5 2. Nf3 Nf6 3. Nxe5 d6 4. Nf3 Nxe4 5. Nc3 Nxc3 6. dxc3 Be7 7. Bf4 Nc6 8. Qd2 Bf5 9. Bb5 0-0 10. 0-0-0 Bf6 11. Rhe1 a6 12. Bd3 Qd7 13. Bg5 Bxg5 14. Nxg5 Rfe8 15. g4 Bg6 16. Bxg6 hxg6 17. Rg1 Ne5 18. Qf4 f6 19. Nh3 Qc6 20. Rg3 b5 21. Ng1 Qc4 22. Qxc4+ Nxc4 23. h4 Kf7 24. b3 Nb6 25. Kd2 Nd5 26. Re1 Rxe1 27. Kxe1 Rh8 28. Nf3 Nf4 29. Kd1 c5 30. Rg1 Nh3 31. Rf1 Re8 32. Ne1 Nf4 33. Nd3 Nxd3 34. cxd3 Rh8 35. Rh1 g5 36. h5 f5 37. gxf5 Kf6 38. Re1 Kxf5 39. Re7 Rxh5 40. Ra7 Rh2 41. a4 bxa4 42. bxa4 Ke5 43. Ke2 g6 44. Rxa6 g4 45. Ke3 Rh3+ 46. Ke2 Rh2 47. d4+ cxd4 48. cxd4+ Kd5 49. Ra5+ Kxd4 50. Rg5 Rh6 51. a5 Ke4 52. a6 Kf4 53. a7 Rh8 54. Rxg6 Ra8 55. Rg7 d5 56. Rf7+ Ke4 57. Kd2 Kd4 58. Rf4+ Kc5 59. Ra4 Kb5 60. Ra1 Kc4 61. Kc2 Kd4 62. Ra4+ Ke5 63. Kd3 Kd6 64. Kd4 Kc6 65. Ra2 Kb7 66. Kxd5 Rd8+ 67. Ke4 Ka8 68. Kf4 Rd4+ 69. Kg3 Rb4 70. Kg2 Rc4 71. Kh2 Rb4 72. Kg1 Rf4 73. Kg2 Rd4 74. Kg3 Rc4 75. Ra6 Rb4 76. Ra5 Rc4 77. Ra6 Rb4 1-0